Family member involvement in relapse prevention improves alcohol dependence outcomes : A prospective study at an addiction treatment facility in India /
Zapisane w:
| Kolejni autorzy: | , , , |
|---|---|
| Format: | Artykuł |
| Język: | English |
| Hasła przedmiotowe: | |
| Etykiety: |
Dodaj etykietę
Nie ma etykietki, Dołącz pierwszą etykiete!
|
| Thư viện lưu trữ: | Thư viện Trường Đại học Đà Lạt |
|---|
| LEADER | 01126nam a2200361 4500 | ||
|---|---|---|---|
| 001 | DLU110130155 | ||
| 005 | ##20111223 | ||
| 040 | # | # | |a DLU |b eng |
| 041 | # | # | |a eng |
| 044 | # | # | |a us |
| 245 | # | # | |a Family member involvement in relapse prevention improves alcohol dependence outcomes : A prospective study at an addiction treatment facility in India / |c Prasanthi Nattala ... [et al.]. |
| 653 | # | # | |a Alcohol use |
| 653 | # | # | |a Alcoholism |
| 653 | # | # | |a Families |
| 653 | # | # | |a Family life |
| 653 | # | # | |a India |
| 653 | # | # | |a Prevention |
| 653 | # | # | |a Regression analysis |
| 653 | # | # | |a Substance abuse treatment |
| 700 | # | # | |a Nagarajaiah. |
| 700 | # | # | |a Leung, Kit Sang. |
| 700 | # | # | |a Murthy, Pratima. |
| 700 | # | # | |a Nattala, Prasanthi. |
| 773 | # | # | |t Journal of studies on alcohol and drugs |g Vol. 71, no. 4 (July 2010), p. 581-587 |
| 920 | # | # | |a Phòng Tạp chí -- Trung tâm Thông tin - Thư viện Trường Đại học Đà Lạt |
| 994 | # | # | |a DLU |
| 900 | # | # | |a True |
| 911 | # | # | |a Trương Bảo Trâm Anh |
| 925 | # | # | |a G |
| 926 | # | # | |a A |
| 927 | # | # | |a BB |
| 980 | # | # | |a Thư viện Trường Đại học Đà Lạt |